00493 a2200145 4500001001000000005001700010008004100027245011700068100002200185700003000207700002400237700002000261700002400281773004200305ART_5655720260410161635.0260409a 10aCuestiones vinculadas con el análisis e interpretación de la información contable ajustada por inflación1 aRondi, Gustavo R.1 aCasal, María del Carmen1 aGalante, Marcelo J.1 aGómez, Melisa1 aGiai Levra, Valeria0 tEnfoquesg- N° 7 (jul. 2022)wREV416